Car Company Records - Statistics

General Stats
  • This quiz has been taken 26 times
  • The average score is 9 of 15
Answer Stats
Hint Answer % Correct
Most expensive modern car18.5 million Bugatti
100%
Tallest car ever72.2 inches Toyota
71%
Best selling car 44 million sold Toyota
71%
Most fuel efficient car ever280 mpg Volkswagen
71%
Best selling single-generation car21 million sold Volkswagen
71%
Fastest car ever 310 mph (claimed) Koenigsegg
67%
Longest car ever255.9 inches Mercedes
67%
Heaviest car ever5,100 kg Mercedes
67%
Largest production engine 8.4 l Dodge
57%
Ugliest car (disputed) Fiat
57%
Widest car ever82,6 inches Lamborghini
52%
Shortest and narrowest car ever54.0 inches, 39 inches Peel
43%
Most powerful car ever2000 hp Lotus
33%
Cheapest car ever$2000 in 2009 Tata
29%
Lightest modern car456 kg Ariel
14%
No matching quizzes found
Score Distribution
Percent of People with Each Score
Percentile by Number Answered
Your Score History
You have not taken this quiz